[Event "Women's Speed Chess Q8"]
[Site "chess.com INT"]
[Date "2021.06.06"]
[Round "1"]
[White "Gaponenko, Inna"]
[Black "Grigoryan, Meri"]
[Result "1-0"]
[WhiteTitle "IM"]
[BlackTitle "WFM"]
[WhiteElo "2357"]
[BlackElo "2044"]
[WhiteFideId "14101181"]
[BlackFideId "13300571"]
[EventDate "2021.06.06"]

1. e4 e5 2. Nf3 Nc6 3. Bb5 Nf6 4. O-O Nxe4 5. d4 exd4 6. Re1 d5 7. Nxd4 Bd7 8.
Bxc6 bxc6 9. f3 c5 10. Nb3 c4 11. Qxd5 Be6 12. Qc6+ Ke7 13. Qxe4 cxb3 14. Bg5+
Ke8 15. Bxd8 Rxd8 16. axb3 Bc5+ 17. Kh1 Kf8 18. Nc3 Bd6 19. Nb5 g6 20. Nxd6 cxd6
21. Rxa7 Re8 22. Qd4 Rg8 23. Qxd6+ Kg7 24. Rxe6 1-0

[Event "Women's Speed Chess Q8"]
[Site "chess.com INT"]
[Date "2021.06.06"]
[Round "1"]
[White "Perez Rodriguez, Jennifer"]
[Black "Nguyen, Hong Ngoc"]
[Result "1-0"]
[WhiteTitle "WIM"]
[BlackTitle "WCM"]
[WhiteElo "2251"]
[BlackElo "1957"]
[WhiteFideId "3507831"]
[BlackFideId "12403083"]
[EventDate "2021.06.06"]

1. e4 c5 2. c3 e6 3. d4 cxd4 4. cxd4 d5 5. exd5 exd5 6. Nc3 Nc6 7. Nf3 Bg4 8.
Bb5 Be7 9. h3 Bh5 10. g4 Bg6 11. Ne5 Rc8 12. Qa4 Qd6 13. Bf4 Qf6 14. Nxd5 Qe6
15. Nc3 a6 16. Bxc6+ bxc6 17. d5 Qf6 18. dxc6 Bd6 19. c7+ Ke7 20. Qd7+ 1-0

[Event "Women's Speed Chess Q8"]
[Site "chess.com INT"]
[Date "2021.06.06"]
[Round "1"]
[White "Eswaran, Ashritha"]
[Black "Pavlidou, Ekaterini"]
[Result "1-0"]
[WhiteTitle "WIM"]
[BlackTitle "WIM"]
[WhiteElo "2244"]
[BlackElo "2157"]
[WhiteFideId "2080788"]
[BlackFideId "4213262"]
[EventDate "2021.06.06"]

1. e4 c5 2. Nf3 Nc6 3. d4 cxd4 4. Nxd4 Nf6 5. Nc3 e6 6. a3 a6 7. Be3 Be7 8. Be2
d6 9. O-O O-O 10. f4 Qc7 11. a4 Rd8 12. Bf3 d5 13. e5 Nd7 14. g4 Nxd4 15. Bxd4
Bc5 16. Kh1 Bxd4 17. Qxd4 Qc5 18. Rfd1 b6 19. Rd2 Bb7 20. Rg1 Rac8 21. h4 Qxd4
22. Rxd4 f6 23. exf6 gxf6 24. Re1 Kf7 25. Kg2 Rg8 26. Kf2 Nc5 27. f5 Ne4+ 28.
Bxe4 dxe4 29. Rd7+ Kf8 30. Rxb7 Rxg4 31. fxe6 Rxh4 32. e7+ Ke8 33. Nxe4 Rxc2+
34. Kg3 1-0

[Event "Women's Speed Chess Q8"]
[Site "chess.com INT"]
[Date "2021.06.06"]
[Round "1"]
[White "Nikolova, Adriana"]
[Black "Varney, Zoe"]
[Result "1-0"]
[WhiteTitle "WGM"]
[BlackTitle "WCM"]
[WhiteElo "2243"]
[BlackElo "1917"]
[WhiteFideId "2908689"]
[BlackFideId "436135"]
[EventDate "2021.06.06"]

1. e4 e5 2. Nf3 Nc6 3. Bb5 a6 4. Ba4 Nf6 5. O-O Be7 6. Re1 b5 7. Bb3 O-O 8. h3
Bb7 9. Nc3 d6 10. Nd5 Na5 11. Nxe7+ Qxe7 12. d3 c5 13. Bg5 Nxb3 14. axb3 h6 15.
Bxf6 Qxf6 16. Qd2 Bc8 17. Re3 Re8 18. Qa5 Be6 19. Qb6 Bc8 20. Qc6 Be6 21. Qxd6
Qf4 22. Rxa6 Rxa6 23. Qxa6 Bd7 24. Qd6 1-0

[Event "Women's Speed Chess Q8"]
[Site "chess.com INT"]
[Date "2021.06.06"]
[Round "1"]
[White "Tsatsalashvili, Keti"]
[Black "Mkrtchian, Lilit"]
[Result "0-1"]
[WhiteTitle "WGM"]
[BlackTitle "IM"]
[WhiteElo "2331"]
[BlackElo "2388"]
[WhiteFideId "13603434"]
[BlackFideId "13300601"]
[EventDate "2021.06.06"]

1. Nf3 d5 2. d4 Nf6 3. Bf4 c5 4. e3 Nc6 5. c3 Qb6 6. b3 Bf5 7. Bd3 Bxd3 8. Qxd3
e6 9. O-O Be7 10. Nbd2 O-O 11. Ne5 Rac8 12. Nxc6 Rxc6 13. Bg5 Rfc8 14. dxc5 Rxc5
15. c4 Qa6 16. Bh4 dxc4 17. Nxc4 b5 18. Nd2 Rd5 19. Qe2 Rc2 20. Rfd1 Qd6 21.
Bxf6 Bxf6 22. Ne4 Rxe2 23. Nxd6 Bxa1 24. Rxa1 Rxd6 25. a4 0-1

[Event "Women's Speed Chess Q8"]
[Site "chess.com INT"]
[Date "2021.06.06"]
[Round "1"]
[White "Zhuravleva, Olga"]
[Black "Dordzhieva, Dinara"]
[Result "0-1"]
[WhiteTitle "WIM"]
[BlackTitle "WGM"]
[WhiteElo "2278"]
[BlackElo "2311"]
[WhiteFideId "4145933"]
[BlackFideId "24157570"]
[EventDate "2021.06.06"]

1. e4 c5 2. Nf3 d6 3. d4 cxd4 4. Nxd4 Nf6 5. Nc3 a6 6. Bd3 e6 7. O-O Be7 8. Kh1
Nc6 9. Nb3 b5 10. a3 Bb7 11. f4 O-O 12. Qf3 b4 13. axb4 Nxb4 14. Qh3 g6 15. Nd4
Rc8 16. Be3 Nxd3 17. cxd3 d5 18. e5 Nd7 19. Rae1 Nc5 20. Bc1 Qb6 21. Nce2 Nb3
22. Nxb3 Qxb3 23. Nd4 Qb6 24. Nf3 d4 25. Nd2 Rc2 26. Ne4 Bxe4 27. Rxe4 Rfc8 28.
Ree1 Qc6 29. Kg1 Bb4 30. Rd1 Re2 31. Qf3 Qxf3 32. Rxf3 Rcc2 33. Rg3 h5 34. h3
Be1 35. Rg5 Bh4 36. f5 Bxg5 37. Bxg5 Rxg2+ 0-1

[Event "Women's Speed Chess Q8"]
[Site "chess.com INT"]
[Date "2021.06.06"]
[Round "1"]
[White "Nanditha, V"]
[Black "Purtseladze, Maka"]
[Result "0-1"]
[WhiteTitle "WCM"]
[BlackTitle "IM"]
[WhiteElo "1666"]
[BlackElo "2274"]
[WhiteFideId "46626697"]
[BlackFideId "13602659"]
[EventDate "2021.06.06"]

1. e4 c6 2. d4 d5 3. exd5 cxd5 4. Bd3 Nc6 5. c3 Qc7 6. Ne2 e5 7. dxe5 Nxe5 8.
Bc2 Nf6 9. Bg5 Be7 10. Bxf6 Bxf6 11. Qxd5 O-O 12. Qe4 g6 13. Nd2 Bf5 14. Qa4
Nd3+ 15. Bxd3 Bxd3 16. Nf1 b5 17. Qb3 Rfe8 18. Ne3 Bg5 19. Qd5 Bxe3 20. Qxd3
Rad8 21. Qxb5 Bd2+ 22. Kf1 Rb8 23. Qa4 Qe5 24. Ng3 Qe1+ 25. Rxe1 Rxe1# 0-1

[Event "Women's Speed Chess Q8"]
[Site "chess.com INT"]
[Date "2021.06.06"]
[Round "1"]
[White "Socko, Monika"]
[Black "Atalik, Ekaterina"]
[Result "1/2-1/2"]
[WhiteTitle "GM"]
[BlackTitle "IM"]
[WhiteElo "2393"]
[BlackElo "2430"]
[WhiteFideId "1106619"]
[BlackFideId "4130189"]
[EventDate "2021.06.06"]

1. d4 Nf6 2. c4 g6 3. Nf3 Bg7 4. g3 d5 5. cxd5 Nxd5 6. Nc3 Nb6 7. Bg2 Nc6 8. O-O
O-O 9. d5 Na5 10. Qc2 c6 11. dxc6 Nxc6 12. Rd1 Bd7 13. Be3 Rc8 14. Bxb6 axb6 15.
Rd2 Qe8 16. Rad1 Bg4 17. Qa4 Bxf3 18. Bxf3 e6 19. Qb5 Na5 20. Qxe8 Rfxe8 21. Nb5
Nc4 22. Rd7 Bxb2 23. Bxb7 Rb8 24. Be4 Bf6 25. Kg2 Red8 26. Nc7 Rxd7 27. Rxd7 Rd8
28. Rxd8+ Bxd8 29. Nb5 Be7 30. Bb7 Nd6 31. Nxd6 Bxd6 32. Kf3 Bc5 33. e3 f5 34.
Kf4 Kf7 35. Ke5 Ba3 36. Kd4 Kf6 37. f3 Bc5+ 38. Kd3 e5 39. e4 fxe4+ 40. Kxe4 h6
41. h3 g5 42. g4 Bd4 1/2-1/2

[Event "Women's Speed Chess Q8"]
[Site "chess.com INT"]
[Date "2021.06.06"]
[Round "1"]
[White "Vantika, Agrawal"]
[Black "Varshini, V"]
[Result "0-1"]
[WhiteTitle "WIM"]
[BlackTitle "WGM"]
[WhiteElo "2286"]
[BlackElo "2226"]
[WhiteFideId "25050389"]
[BlackFideId "5091241"]
[EventDate "2021.06.06"]

1. e4 c5 2. Nf3 d6 3. d4 cxd4 4. Nxd4 Nf6 5. Nc3 a6 6. g3 e6 7. Bg2 Be7 8. O-O
Qc7 9. a4 O-O 10. a5 Nc6 11. Nb3 Nd7 12. Be3 Nc5 13. Bxc5 dxc5 14. f4 Rd8 15.
Qg4 Nd4 16. e5 Nxc2 17. Ne4 Ne3 18. Qh5 Nxf1 19. Rxf1 Bd7 20. Nbd2 Bc6 21. Nc4
Rd4 22. Ncd6 Bxd6 23. exd6 Qd7 24. Qe5 Bxe4 25. Bxe4 Qxd6 26. Bxb7 Qxe5 27. fxe5
Ra7 28. Bc6 g6 29. Rc1 Rb4 30. Rxc5 Rxb2 31. Bg2 Rb5 0-1

[Event "Women's Speed Chess Q8"]
[Site "chess.com INT"]
[Date "2021.06.06"]
[Round "1"]
[White "Petrova, Irina"]
[Black "Paehtz, Elisabeth"]
[Result "0-1"]
[WhiteTitle "WIM"]
[BlackTitle "IM"]
[WhiteElo "2110"]
[BlackElo "2456"]
[WhiteFideId "14124122"]
[BlackFideId "4641833"]
[EventDate "2021.06.06"]

1. e4 c5 2. Nf3 d6 3. Bb5+ Nd7 4. O-O Nf6 5. Re1 a6 6. Bf1 e5 7. c3 Be7 8. d4
O-O 9. a4 Qc7 10. d5 Re8 11. h3 Bf8 12. Nbd2 g6 13. Nc4 b6 14. Bg5 Bg7 15. Qc2
Rb8 16. Nfd2 Nh5 17. g3 Nf8 18. Kh2 h6 19. Be3 f5 20. exf5 gxf5 21. f4 exf4 22.
Bxf4 Rxe1 23. Rxe1 Nxf4 24. gxf4 b5 25. axb5 axb5 26. Ne3 Qf7 27. Nf3 Ng6 28.
Kg3 Bd7 29. Bg2 Re8 30. c4 b4 31. b3 Qf6 32. Re2 Re4 33. Ng4 fxg4 34. Qxe4 gxf3
35. Bxf3 Qh4+ 36. Kh2 Qxf4+ 37. Qxf4 Nxf4 38. Ra2 Be5 39. Kg1 Bxh3 40. Ra8+ Kg7
41. Ra7+ Kf6 42. Ra6 Bf5 43. Ra8 Bc2 44. Rf8+ Kg7 0-1

[Event "Women's Speed Chess Q8"]
[Site "chess.com INT"]
[Date "2021.06.06"]
[Round "1"]
[White "Dauletova, Gulmira"]
[Black "Kubicka, Anna"]
[Result "1-0"]
[WhiteTitle "WGM"]
[BlackTitle "WIM"]
[WhiteElo "2257"]
[BlackElo "2210"]
[WhiteFideId "13702971"]
[BlackFideId "1152254"]
[EventDate "2021.06.06"]

1. e4 c5 2. Nf3 d6 3. d4 cxd4 4. Qxd4 Nf6 5. Be2 Nc6 6. Qe3 g6 7. h3 Bg7 8. O-O
O-O 9. c4 Bd7 10. Nc3 Rc8 11. Rb1 a5 12. b3 Ne8 13. Bb2 Nc7 14. Nd5 Bxb2 15.
Rxb2 Nxd5 16. exd5 Nb4 17. a3 Na6 18. b4 axb4 19. axb4 Nc7 20. Qb6 Ra8 21. Rd1
Ra6 22. Qxb7 Bc8 23. Qb8 Ra8 24. Qb6 Ra6 25. Qe3 Ra4 26. Nd4 Bd7 27. Nc6 Bxc6
28. dxc6 Ne6 29. b5 Nc5 30. b6 Qa8 31. c7 Ra1 32. Qxe7 Rxd1+ 33. Bxd1 Re8 34.
Qxd6 Ne4 35. Qd5 Qa1 36. Re2 Qf6 37. Rxe4 Rxe4 38. Qxe4 1-0

[Event "Women's Speed Chess Q8"]
[Site "chess.com INT"]
[Date "2021.06.06"]
[Round "1"]
[White "Eswaran, Aksithi"]
[Black "Ouellet, Maili-Jade"]
[Result "0-1"]
[WhiteTitle "WCM"]
[BlackTitle "WGM"]
[WhiteElo "1745"]
[BlackElo "2257"]
[WhiteFideId "2083485"]
[BlackFideId "2620472"]
[EventDate "2021.06.06"]

1. e4 c5 2. Nf3 d6 3. d4 cxd4 4. Nxd4 Nf6 5. Nc3 a6 6. f3 e5 7. Nb3 Be6 8. Be3
Nbd7 9. Be2 Be7 10. Qd2 Qc7 11. O-O O-O 12. Rfd1 b5 13. a3 Nb6 14. Kh1 Nc4 15.
Bxc4 bxc4 16. Nc1 Rab8 17. Rb1 Rb7 18. N1e2 Rfb8 19. Bg5 Rxb2 20. Rxb2 Rxb2 21.
Bxf6 gxf6 22. Nd5 Bxd5 23. Qxd5 Rxc2 24. Ng3 Rb2 25. Nf5 Bf8 26. Rc1 c3 27. h4
c2 28. Qa8 Rb8 29. Qxa6 Rb1 30. Qf1 Rxc1 31. Qxc1 Qc5 32. Ng3 Bh6 33. Qxh6 c1=Q+
34. Qxc1 Qxc1+ 35. Kh2 Qxa3 36. Nf5 Kf8 37. Kg3 Qd3 38. Kh2 d5 39. Ng3 d4 40.
Nf5 Qe2 41. Ng3 Qf2 42. Kh3 d3 43. Kg4 d2 44. h5 d1=Q 0-1

[Event "Women's Speed Chess Q8"]
[Site "chess.com INT"]
[Date "2021.06.06"]
[Round "1"]
[White "Kulkarni, Bhakti"]
[Black "Fominykh, Maria"]
[Result "1-0"]
[WhiteTitle "IM"]
[BlackTitle "WGM"]
[WhiteElo "2391"]
[BlackElo "2206"]
[WhiteFideId "5019516"]
[BlackFideId "4142411"]
[EventDate "2021.06.06"]

1. d4 Nf6 2. c4 g6 3. Nc3 Bg7 4. e4 O-O 5. Bd3 d6 6. Nge2 e5 7. O-O a5 8. f3
exd4 9. Nxd4 Nfd7 10. Be3 Na6 11. a3 Nac5 12. Bc2 Ne5 13. Qe2 a4 14. h3 Bd7 15.
f4 Nc6 16. Rad1 Na5 17. e5 dxe5 18. Nf3 Nab3 19. Nxe5 Qe8 20. Bxc5 Nxc5 21. Nxd7
Bxc3 22. Qxe8 Rfxe8 23. bxc3 Nxd7 24. Rxd7 Re3 25. Rf3 Re1+ 26. Rf1 Re3 27. Rd3
Rxd3 28. Bxd3 Rd8 29. Rd1 Kg7 30. Bc2 Ra8 31. Rd7 1-0

[Event "Women's Speed Chess Q8"]
[Site "chess.com INT"]
[Date "2021.06.06"]
[Round "1"]
[White "Agrest, Inna"]
[Black "Gunina, Valentina"]
[Result "0-1"]
[WhiteTitle "WIM"]
[BlackTitle "GM"]
[WhiteElo "2285"]
[BlackElo "2436"]
[WhiteFideId "1708830"]
[BlackFideId "4167570"]
[EventDate "2021.06.06"]

1. e4 c6 2. d4 d5 3. f3 e6 4. Nc3 Bb4 5. Bf4 Ne7 6. Qd3 Na6 7. O-O-O Qa5 8. Nge2
Bd7 9. Kb1 Rc8 10. a3 Bxc3 11. Nxc3 O-O 12. h4 Rfd8 13. h5 c5 14. exd5 c4 15.
Qd2 Nxd5 16. Nxd5 Qxd5 17. c3 Ba4 18. Re1 Qf5+ 19. Ka1 Nc5 20. Bxc4 Bb3 21. g4
Qf6 22. Bg5 Bxc4 23. Qe3 Nb3+ 24. Kb1 Bd3+ 25. Ka2 Qxg5 26. Qxg5 h6 27. Qe3 Bc4
28. Kb1 Rd5 29. g5 Rxg5 30. Reg1 f6 31. Rxg5 fxg5 32. Re1 Rf8 33. Kc2 b5 34. Qe5
Rxf3 35. Qb8+ Kh7 36. Qa8 Rf2+ 37. Kb1 Bd3+ 38. Ka2 Nd2 39. a4 bxa4 40. Ka3 Nc4+
41. Kxa4 Rxb2 42. Rxe6 Bc2# 0-1

[Event "Women's Speed Chess Q8"]
[Site "chess.com INT"]
[Date "2021.06.06"]
[Round "1"]
[White "Batsiashvili, Nino"]
[Black "Priyanka, K"]
[Result "1-0"]
[WhiteTitle "GM"]
[BlackTitle "WIM"]
[WhiteElo "2491"]
[BlackElo "2218"]
[WhiteFideId "13602993"]
[BlackFideId "5082986"]
[EventDate "2021.06.06"]

1. d4 Nf6 2. Nf3 g6 3. c4 Bg7 4. Nc3 d6 5. e4 O-O 6. Be2 e5 7. O-O Nc6 8. d5 Ne7
9. Ne1 Nd7 10. Nd3 f5 11. Bd2 f4 12. Rc1 g5 13. c5 Nf6 14. f3 h5 15. Nb5 a6 16.
cxd6 cxd6 17. Nc7 Rb8 18. Ne6 Bxe6 19. dxe6 Nc6 20. Bc3 Qe7 21. Qb3 Rfe8 22. Nb4
Nxb4 23. Bxb4 Kh7 24. Rfd1 Red8 25. Rc2 g4 26. Rcd2 Ne8 27. fxg4 hxg4 28. Bxg4
Bh6 29. Qh3 Kg7 30. Rd3 b6 31. Bf5 a5 32. Qg4+ Qg5 33. Bxd6 Qxg4 34. Bxg4 Rb7
35. Bxe5+ 1-0

[Event "Women's Speed Chess Q8"]
[Site "chess.com INT"]
[Date "2021.06.06"]
[Round "1"]
[White "Kotepalli, Sai Nirupama"]
[Black "Von Herman, Brigitte"]
[Result "1-0"]
[WhiteTitle "WFM"]
[BlackTitle "WFM"]
[WhiteElo "1914"]
[BlackElo "1991"]
[WhiteFideId "5039444"]
[BlackFideId "4628730"]
[EventDate "2021.06.06"]

1. e4 e5 2. d3 Bc5 3. g3 Nc6 4. Bg2 Nf6 5. Nf3 d5 6. Nbd2 dxe4 7. dxe4 O-O 8.
O-O h6 9. h3 Qe7 10. Qe2 Re8 11. c3 a6 12. Kh2 Ba7 13. Nh4 Nh7 14. Nc4 Nd8 15.
Ne3 c6 16. Nef5 Qf6 17. Qg4 Kh8 18. Qe2 Ne6 19. Nd6 Rd8 20. Nxc8 Raxc8 21. Nf5
Rd7 22. Qg4 Rcd8 23. h4 Nc5 24. Be3 b5 25. f4 exf4 26. Bxf4 Qg6 27. Qxg6 fxg6
28. Nd4 Rc8 29. Bh3 Nf6 30. e5 Nfe4 31. b4 Nd3 32. Bxd7 Rc7 33. e6 Bxd4 34. Bxc7 1-0

[Event "Women's Speed Chess Q8"]
[Site "chess.com INT"]
[Date "2021.06.06"]
[Round "1"]
[White "Pandey, Srishti"]
[Black "Kashlinskaya, Alina"]
[Result "0-1"]
[WhiteTitle "WFM"]
[BlackTitle "IM"]
[WhiteElo "2026"]
[BlackElo "2494"]
[WhiteFideId "35093290"]
[BlackFideId "4198026"]
[EventDate "2021.06.06"]

1. e4 e6 2. d4 d5 3. Bd3 dxe4 4. Bxe4 Nf6 5. Bf3 Nbd7 6. Ne2 Bd6 7. Be3 e5 8.
Nbc3 O-O 9. O-O Re8 10. Ng3 exd4 11. Bxd4 Ne5 12. Be2 c6 13. Qd2 Bc5 14. Rad1
Bxd4 15. Qxd4 Qxd4 16. Rxd4 Be6 17. Rfd1 Kf8 18. h3 g5 19. f4 gxf4 20. Rxf4 Ke7
21. Rdf1 Rg8 22. Kh2 Rg6 23. Nce4 Nd5 24. R4f2 Ne3 25. Re1 Nxc2 26. Rc1 Nd4 27.
Nc5 Rag8 28. Bf1 Rxg3 29. Nxb7 Bd5 30. Re1 f6 31. Rd2 Ne6 32. Ree2 h5 33. Na5 h4
34. b3 Nf4 35. Rf2 Nxh3 36. gxh3 Nf3+ 37. Rxf3 Bxf3 38. Rf2 Bd5 39. Nc4 Rg1 40.
Re2+ Kd8 41. Bg2 R1xg2+ 42. Rxg2 Rxg2+ 43. Kh1 0-1

[Event "Women's Speed Chess Q8"]
[Site "chess.com INT"]
[Date "2021.06.06"]
[Round "1"]
[White "Padmini, Rout"]
[Black "Kanyamarala, Trisha"]
[Result "0-1"]
[WhiteTitle "IM"]
[BlackTitle "WIM"]
[WhiteElo "2370"]
[BlackElo "2180"]
[WhiteFideId "5029295"]
[BlackFideId "45004722"]
[EventDate "2021.06.06"]

1. e4 c5 2. Nf3 d6 3. d4 cxd4 4. Nxd4 Nf6 5. Nc3 a6 6. Be2 e5 7. Nb3 Be6 8. O-O
Nc6 9. Bg5 Be7 10. Bxf6 Bxf6 11. Bg4 O-O 12. Nd5 Bg5 13. c3 Ne7 14. Bxe6 fxe6
15. Nxe7+ Qxe7 16. Qe2 Rad8 17. Rad1 Qc7 18. Nd2 b5 19. Nf3 Bf6 20. Rd3 Qb6 21.
Rfd1 Be7 22. h4 Rf4 23. g3 Rff8 24. Kg2 Rc8 25. Ng5 h6 26. Nxe6 Rf6 27. Nxg7
Kxg7 28. Qg4+ Kh7 29. Qxc8 Qxf2+ 30. Kh3 Rf7 31. Qe6 Bxh4 32. Qxd6 Rg7 33. gxh4
Qg2# 0-1

[Event "Women's Speed Chess Q8"]
[Site "chess.com INT"]
[Date "2021.06.06"]
[Round "1"]
[White "Tokhirjonova, Gulrukhbegim"]
[Black "Tarasova, Viktoriya"]
[Result "0-1"]
[WhiteTitle "WGM"]
[BlackTitle "WIM"]
[WhiteElo "2344"]
[BlackElo "2226"]
[WhiteFideId "14203626"]
[BlackFideId "4175840"]
[EventDate "2021.06.06"]

1. e4 e5 2. Nf3 Nc6 3. Bb5 Nf6 4. d3 Bc5 5. c3 d6 6. O-O O-O 7. h3 h6 8. Re1 a6
9. Ba4 b5 10. Bc2 Bb6 11. Nbd2 Re8 12. Nf1 d5 13. Ng3 d4 14. a4 Be6 15. Nh4 dxc3
16. bxc3 b4 17. cxb4 Nxb4 18. Nhf5 Kh7 19. Ba3 Nc6 20. Bb3 Bxf5 21. Nxf5 g6 22.
Ne3 Kg7 23. Nc4 Bd4 24. Rc1 Rb8 25. Ba2 Nb4 26. Bb1 c5 27. Qf3 Nh5 28. g3 Qf6
29. Qxf6+ Nxf6 30. Kg2 Red8 31. f4 Nd7 32. Kf3 f6 33. Na5 Rdc8 34. Rc4 Nc6 35.
Nxc6 Rxc6 36. Rcc1 Rb3 37. Bxc5 Rxc5 38. Ba2 Rxd3+ 39. Ke2 Re3+ 40. Kd2 Rxg3 41.
fxe5 fxe5 42. Rxc5 Bxc5 43. Bd5 Bb4+ 0-1

[Event "Women's Speed Chess Q8"]
[Site "chess.com INT"]
[Date "2021.06.06"]
[Round "1"]
[White "Matveeva, Olga"]
[Black "Belenkaya, Dina"]
[Result "1/2-1/2"]
[WhiteTitle "WIM"]
[BlackTitle "WGM"]
[WhiteElo "2145"]
[BlackElo "2341"]
[WhiteFideId "24107018"]
[BlackFideId "24142654"]
[EventDate "2021.06.06"]

1. d4 d5 2. c4 dxc4 3. Nf3 Nf6 4. e3 e6 5. Bxc4 a6 6. O-O c5 7. Bd3 b5 8. Qe2
Nbd7 9. a4 c4 10. Bc2 Bb7 11. axb5 axb5 12. Rxa8 Qxa8 13. b3 cxb3 14. Bxb3 Bd6
15. Nc3 b4 16. Nb5 Qb8 17. Nxd6+ Qxd6 18. Bb2 O-O 19. Ra1 Rb8 20. h3 Bd5 21.
Bxd5 exd5 22. Ne5 Nb6 23. Ra6 Qc7 24. Qb5 Nc4 25. Qc6 Ne8 26. Bc1 b3 27. Qxd5 b2
28. Bxb2 Nxb2 29. Rc6 Qe7 30. Ra6 g6 31. Qa2 Qb7 32. Ra7 Qb3 33. Qxb3 Rxb3 34.
Nxf7 Nf6 35. Nh6+ Kh8 36. Kh2 Nd3 37. f3 Rb2 38. Nf7+ Kg8 39. Nh6+ Kh8 40. Nf7+
Kg8 41. Nh6+ Kh8 1/2-1/2

[Event "Women's Speed Chess Q8"]
[Site "chess.com INT"]
[Date "2021.06.06"]
[Round "1"]
[White "Antolak, Julia"]
[Black "Hng, Mei-En Emmanuelle"]
[Result "1-0"]
[WhiteTitle "WIM"]
[BlackTitle "WFM"]
[WhiteElo "2309"]
[BlackElo "2013"]
[WhiteFideId "1159569"]
[BlackFideId "5804566"]
[EventDate "2021.06.06"]

1. e4 d6 2. d4 Nf6 3. Nc3 g6 4. Bg5 Bg7 5. f4 Bf8 6. Nf3 Bg7 7. Qd2 h6 8. Bh4 a6
9. O-O-O O-O 10. e5 Ne8 11. Bd3 b5 12. Kb1 Bb7 13. e6 f5 14. Rhf1 Nc6 15. Ne2
Nf6 16. h3 Qc8 17. g4 Qxe6 18. gxf5 gxf5 19. Ng3 Ne4 20. Qg2 Kh8 21. d5 Qxd5 22.
Bxe4 Qc5 23. Bxc6 Bxc6 24. Qe2 Qb4 25. c3 Bxc3 26. Qc2 Bg7 27. Rf2 Be4 28. Nxe4
fxe4 29. Nh2 Rf7 30. Re2 Rxf4 31. Bxe7 Re8 32. a3 Qa5 33. Qc1 Rff8 34. Bxf8 Rxf8
35. Rxe4 Qb6 36. Ng4 d5 37. Re7 Qg6+ 38. Ka1 Qg5 39. Qxg5 hxg5 40. Rxd5 Rf1+ 41.
Ka2 Rh1 42. Rxg5 Bd4 43. Rd5 c5 44. Rd8# 1-0

[Event "Women's Speed Chess Q8"]
[Site "chess.com INT"]
[Date "2021.06.06"]
[Round "1"]
[White "Morris-Suzuki, Sophie"]
[Black "Jakubowska, Anna"]
[Result "1-0"]
[WhiteTitle "WFM"]
[BlackTitle "WIM"]
[WhiteElo "2043"]
[BlackElo "2073"]
[WhiteFideId "30922615"]
[BlackFideId "1121952"]
[EventDate "2021.06.06"]

1. e4 c6 2. d4 d5 3. e5 Bf5 4. h4 h5 5. Bg5 Qb6 6. Bd3 Bxd3 7. Qxd3 e6 8. Nd2 c5
9. c4 Nc6 10. Ngf3 cxd4 11. cxd5 Nb4 12. Qb3 Qb5 13. Nc4 exd5 14. Nd6+ Bxd6 15.
exd6 Rc8 16. Nxd4 Qc4 17. Qe3+ Kd7 18. Qh3+ Kxd6 19. Nf5+ Kc7 20. Rc1 Nc2+ 21.
Kd1 Kb8 22. Nd6 Qd4+ 23. Bd2 Ne3+ 24. Qxe3 Rxc1+ 25. Kxc1 Qa4 26. Qe8+ Qxe8 27.
Nxe8 Nh6 28. Nxg7 Ng4 29. Bf4+ Kc8 30. Bg3 Kd7 31. Rd1 Kc6 32. Nf5 Re8 33. Nd4+
Kb6 34. f3 Nf6 35. Rd2 Nd7 36. Nf5 Nf6 37. Bf2+ Kb5 38. Nd6+ 1-0

[Event "Women's Speed Chess Q8"]
[Site "chess.com INT"]
[Date "2021.06.06"]
[Round "1"]
[White "Bodnaruk, Anastasia"]
[Black "Dong, Khanh Linh"]
[Result "1-0"]
[WhiteTitle "IM"]
[BlackTitle "WCM"]
[WhiteElo "2446"]
[BlackElo "1970"]
[WhiteFideId "4181751"]
[BlackFideId "12403040"]
[EventDate "2021.06.06"]

1. e4 c5 2. Nc3 Nc6 3. Bb5 g6 4. Bxc6 bxc6 5. f4 d5 6. d3 d4 7. Nce2 Nf6 8. Nf3
Bg7 9. O-O O-O 10. b3 Qc7 11. a4 a5 12. Ba3 Qa7 13. Ne5 Bb7 14. h3 Rac8 15. Nc4
Rc7 16. Qd2 Ba6 17. Qxa5 Bxc4 18. Qxa7 Rxa7 19. Bxc5 Bxd3 20. cxd3 Rb7 21. Rfb1
Nd7 22. Bxd4 c5 23. Bxg7 Kxg7 24. Nc3 Rfb8 25. Nb5 Nb6 26. Rc1 Nd7 27. Rc2 Kf6
28. Rac1 h6 29. d4 cxd4 30. Nxd4 Kg7 31. Rc7 Nf6 32. e5 Nd5 33. Rxb7 Rxb7 34. g3
Nb4 35. Rc4 Nd3 36. a5 Nb2 37. Rc2 Nd3 38. Ra2 Ra7 39. Nb5 Ra6 40. Nc7 Ra7 41.
Nd5 Nc5 42. b4 Ne4 43. b5 Nxg3 44. b6 Rb7 45. a6 Rd7 46. b7 Rxd5 47. b8=Q Rd1+
48. Kg2 1-0

[Event "Women's Speed Chess Q8"]
[Site "chess.com INT"]
[Date "2021.06.06"]
[Round "1"]
[White "Corrales Jimenez, Zenia"]
[Black "Sliwicka, Alicja"]
[Result "0-1"]
[WhiteTitle "WIM"]
[BlackTitle "WIM"]
[WhiteElo "2189"]
[BlackElo "2308"]
[WhiteFideId "3506355"]
[BlackFideId "1150677"]
[EventDate "2021.06.06"]

1. e4 c5 2. Nf3 d6 3. d4 cxd4 4. Nxd4 Nf6 5. Nc3 Bd7 6. Be2 e5 7. Nb3 Bc6 8. Bg5
Be7 9. Bxf6 Bxf6 10. O-O O-O 11. Nd2 d5 12. exd5 Bxd5 13. Nxd5 Qxd5 14. Bf3 Qb5
15. Rb1 Nc6 16. Ne4 Be7 17. c3 Rad8 18. Qc2 f5 19. Ng3 e4 20. Be2 Qe5 21. Qb3+
Kh8 22. Qxb7 Rd6 23. Rfd1 Rh6 24. Nf1 f4 25. Qb5 Qf6 26. f3 e3 27. Rd5 Qh4 28.
Kh1 Qf2 29. Bd3 Bh4 30. Rh5 a6 31. Qd5 Rd8 32. Qf5 Ne7 33. Qg4 Rxh5 34. Qxh5
Rxd3 35. Qe8+ Ng8 36. Qe4 Rd8 37. Qxf4 e2 38. Qc1 Re8 39. Ng3 Bxg3 40. hxg3
e1=Q+ 41. Qxe1 Rxe1+ 0-1